| 000 | 00386 a2200133 4500 | ||
|---|---|---|---|
| 001 | 87990 | ||
| 082 | _aPR 711 | ||
| 090 |
_c41459 _d41459 |
||
| 100 | _aShahzada Khalid Akhlaq Anjum; Zaidi, Advisor | ||
| 245 |
_aDetermination of the RMAL conductivity by transient method _nG-9 |
||
| 260 |
_aKarachi _bKarachi Uni _c1977 |
||
| 300 | _a55 p. hand written | ||
| 500 | _aBE project reports AE | ||
| 942 |
_aCAE NUST _kPR 711 |
||
| 999 |
_c323063 _d323063 |
||